Environment and self-reliance (Record no. 18724)

MARC details
000 -LEADER
fixed length control field 00538nam a2200193Ia 4500
003 - CONTROL NUMBER IDENTIFIER
control field IN-BaIIA
008 - FIXED-LENGTH DATA ELEMENTS--GENERAL INFORMATION
fixed length control field 211028s9999 xx 000 0 eng d
020 ## - INTERNATIONAL STANDARD BOOK NUMBER
International Standard Book Number 81-7480-096-4
040 ## - CATALOGING SOURCE
Transcribing agency IIA Library
080 ## - UNIVERSAL DECIMAL CLASSIFICATION NUMBER
Universal Decimal Classification number 551.5
Item number FRI
100 ## - MAIN ENTRY--PERSONAL NAME
Personal name Friedmann, Yona
9 (RLIN) 35846
245 #0 - TITLE STATEMENT
Title Environment and self-reliance
Statement of responsibility, etc. Yona Friedmann and Eda Schaur
260 ## - PUBLICATION, DISTRIBUTION, ETC.
Place of publication, distribution, etc. New Delhi
Name of publisher, distributor, etc. Vigyan Prasar
300 ## - PHYSICAL DESCRIPTION
Extent 147p.
650 ## - SUBJECT ADDED ENTRY--TOPICAL TERM
Topical term or geographic name entry element Environment education
9 (RLIN) 35847
650 ## - SUBJECT ADDED ENTRY--TOPICAL TERM
Topical term or geographic name entry element Pictorial presentation
9 (RLIN) 35848
700 ## - ADDED ENTRY--PERSONAL NAME
Personal name Schaur, Eda
9 (RLIN) 35849
942 ## - ADDED ENTRY ELEMENTS (KOHA)
Koha item type Books
Holdings
Withdrawn status Lost status Damaged status Not for loan Home library Current library Shelving location Date acquired Source of acquisition Cost, normal purchase price Total Checkouts Full call number Barcode Date last seen Cost, replacement price Price effective from Koha item type Purchase Price
        IIA Library-Bangalore IIA Library-Bangalore General Stacks 07/06/2013 VIG 55.00   551.5/ FRI 19646 05/11/2021 55.00 07/06/2013 Books Rs. 55.00

Powered by Koha